[Event "Detroit (MOR/4/4)"]
[Site "?"]
[Date "1990.??.??"]
[Round "?"]
[White "Steverson, Bunnard"]
[Black "Munger, Larry"]
[Result "1/2-1/2"]
[WhiteElo "1735"]
[BlackElo "1730"]
[PlyCount "81"]
[EventDate "1990.??.??"]

{4/(4)} 1. e4 d6 2. d4 Nf6 3. Nc3 g6 4. Nf3 Bg7 5. Be2 O-O 6. O-O Bg4 7. h3
Bxf3 8. Bxf3 c6 9. Be3 Nbd7 10. Qd2 e5 11. dxe5 dxe5 12. Rad1 Nb6 13. Qxd8
Rfxd8 14. Rxd8+ Rxd8 15. b3 Nc8 16. Rd1 Rxd1+ 17. Nxd1 b6 18. c4 Nd6 19. Nc3
Nb7 20. b4 Nd8 21. b5 Bf8 22. a4 Bb4 23. Na2 Ba5 24. Nc1 cxb5 25. axb5 Nb7 26.
Nb3 Bb4 27. Kf1 Nd7 28. Be2 Nbc5 29. Nxc5 Nxc5 30. f3 f5 31. Bxc5 Bxc5 32. exf5
gxf5 33. Bd3 f4 34. Bf5 Kg7 35. Ke2 h6 36. Kd3 Kf6 37. Ke4 Bd4 38. Bh7 Kg5 39.
Kd3 Kh4 40. Ke2 Kg3 41. Kf1 1/2-1/2

[Event "Flint (Class B/3)"]
[Site "?"]
[Date "1990.??.??"]
[Round "?"]
[White "Steverson, Bunnard"]
[Black "Jordan, Willie"]
[Result "0-1"]
[WhiteElo "1725"]
[BlackElo "1685"]
[PlyCount "86"]
[EventDate "1990.??.??"]

1. e4 c5 2. Nf3 e6 3. d4 d5 4. Nc3 Nc6 5. Be3 Nf6 6. exd5 Nxd5 7. Nxd5 exd5 8.
c3 c4 9. Ne5 Bd6 10. f4 Bf5 11. Qh5 g6 12. Qd1 Be4 13. Nxc6 bxc6 14. Kf2 Qc7
15. Qg4 h5 16. Qg5 h4 17. Be2 h3 18. Bf3 hxg2 19. Bxg2 Bxg2 20. Kxg2 Qd7 21. h4
Rh5 22. Qg3 Qf5 23. Rae1 Kf8 24. Qf3 Re8 25. Re2 Re4 26. Kg3 g5 27. hxg5 Rxg5+
28. Kf2 Bxf4 29. Rh3 Bxe3+ 30. Rxe3 Rf4 31. Re5 Rxf3+ 32. Rxf3 Qc2+ 33. Re2
Rg2+ 34. Kxg2 Qxe2+ 35. Rf2 Qe4+ 36. Kg3 Kg7 37. a3 f5 38. Rf4 Qe3+ 39. Rf3
Qg5+ 40. Kh2 Qd2+ 41. Kg3 Qxb2 42. Kf4 Kf6 43. Rh3 Qd2+ 0-1

[Event "Detroit (MOR/6/7)"]
[Site "?"]
[Date "1990.??.??"]
[Round "?"]
[White "Steverson, Bunnard"]
[Black "Conlon, Russell"]
[Result "1/2-1/2"]
[WhiteElo "1735"]
[BlackElo "1605"]
[PlyCount "166"]
[EventDate "1990.??.??"]

{6/(7)} 1. e4 c6 2. Nf3 d5 3. exd5 cxd5 4. d4 Nf6 5. Bd3 Bg4 6. h3 Bh5 7. c3 e6
8. Qa4+ Nbd7 9. Ne5 a6 10. O-O b5 11. Qc2 Qc7 12. f4 Bg6 13. Nd2 Bd6 14. Ndf3
Bxd3 15. Qxd3 Ne4 16. Be3 f6 17. Nxd7 Qxd7 18. Nd2 Ng3 19. Rf3 Nf5 20. Bf2 O-O
21. g4 Ne7 22. Re1 Rae8 23. Qe2 Nc6 24. Bg3 Qc7 25. Re3 e5 26. fxe5 fxe5 27.
Nf3 e4 28. Bxd6 Qxd6 29. Nh4 g6 30. Rf1 Rxf1+ 31. Qxf1 Rf8 32. Qe2 Nd8 33. Qg2
Ne6 34. Qg3 Qxg3+ 35. Rxg3 Nf4 36. Re3 Nd3 37. Re2 Nc1 38. Rc2 Nd3 39. Ng2 Re8
40. Ne3 Ne1 41. Re2 Nf3+ 42. Kg2 Rd8 43. Nc2 Kf7 44. Nb4 Rd6 45. Nc2 Ke7 46.
Ne1 Nxe1+ 47. Rxe1 Rf6 48. Re3 Kd6 49. b3 Re6 50. Kf2 g5 51. Rg3 Rf6+ 52. Ke2
h6 53. Re3 Rf4 54. c4 dxc4 55. bxc4 bxc4 56. Ra3 Kd5 57. Rxa6 Kxd4 58. a4 e3
59. Rd6+ Ke5 60. Rxh6 Kd4 61. Rd6+ Ke5 62. Rd8 Re4 63. a5 c3 64. Rc8 Kd4 65. a6
Re7 66. Ra8 c2 67. Rc8 Ra7 68. Rxc2 Rxa6 69. Rb2 Rh6 70. Rb4+ Ke5 71. Rb5+ Kf4
72. Rf5+ Ke4 73. Rf3 Rg6 74. Rxe3+ Kf4 75. Rf3+ Ke5 76. Rf5+ Ke6 77. Kf3 Rf6
78. Rxf6+ Kxf6 79. Kg3 Kg7 80. h4 gxh4+ 81. Kxh4 Kg6 82. g5 Kg7 83. Kg4 Kg6
1/2-1/2

[Event "Detroit (RVO/2)"]
[Site "?"]
[Date "1990.??.??"]
[Round "?"]
[White "Steverson, Bunnard"]
[Black "Calton, Bill"]
[Result "0-1"]
[WhiteElo "1745"]
[BlackElo "2015"]
[PlyCount "78"]
[EventDate "1990.??.??"]

1. e4 g6 2. d4 d6 3. Nf3 Bg7 4. c4 Nd7 5. Nc3 e5 6. d5 Nh6 7. Be2 f5 8. exf5
Nxf5 9. O-O O-O 10. Ng5 Nf6 11. Nge4 Nd4 12. Bg5 Bf5 13. Bd3 Qd7 14. Qd2 Nh5
15. f3 Bxe4 16. fxe4 Qg4 17. h3 Qg3 18. Qe3 Qxe3+ 19. Bxe3 a6 20. Kh2 Nf4 21.
Bb1 Rf6 22. g3 Nxd5 23. Rxf6 Nxf6 24. Bd3 Nd7 25. b4 Rf8 26. Rd1 Rf3 27. Nd5 c6
28. Ne7+ Kf7 29. Bxd4 exd4 30. Nc8 Ke6 31. Kg2 Rf8 32. Na7 Ra8 33. Nxc6 bxc6
34. a4 Ne5 35. b5 Nxd3 36. Rxd3 axb5 37. axb5 cxb5 38. cxb5 Ra2+ 39. Kf3 Rb2
0-1

[Event "Detroit (MCO/4/7)"]
[Site "?"]
[Date "1990.??.??"]
[Round "?"]
[White "Steverson, Bunnard"]
[Black "Andrews, Steve"]
[Result "0-1"]
[WhiteElo "1755"]
[BlackElo "2205"]
[PlyCount "78"]
[EventDate "1990.??.??"]

{4/(7)} 1. e4 Nf6 2. Nc3 e5 3. Nf3 Nc6 4. d4 exd4 5. Nxd4 Bc5 6. Be3 Nxd4 7.
Bxd4 Qe7 8. Bxc5 Qxc5 9. Bd3 O-O 10. O-O d6 11. h3 Bd7 12. Qf3 Bc6 13. Rfd1 Kh8
14. Qf4 Rae8 15. Re1 Re5 16. Qe3 Qxe3 17. Rxe3 Rfe8 18. Rae1 a6 19. f4 R5e7 20.
Kf2 h5 21. g3 g6 22. e5 dxe5 23. Rxe5 Rxe5 24. fxe5 Nh7 25. e6 f5 26. g4 hxg4
27. hxg4 fxg4 28. Bxg6 g3+ 29. Kg1 Re7 30. Ne4 g2 31. Ng3 Ng5 32. Bh5 Rxe6 33.
Rxe6 Nh3+ 34. Kh2 g1=Q+ 35. Kxh3 Qg2+ 36. Kg4 Bd7 37. Bf7 Kg7 38. Kf4 Kxf7 39.
Re2 Qd5 $138 0-1

[Event "Lansing (Jan)"]
[Site "?"]
[Date "1990.??.??"]
[Round "?"]
[White "Stefanski, Mark"]
[Black "Triplett, Thomas"]
[Result "0-1"]
[WhiteElo "1900"]
[BlackElo "1935"]
[PlyCount "58"]
[EventDate "1990.??.??"]

1. e4 c5 2. d4 cxd4 3. Nf3 d6 4. c3 dxc3 5. Nxc3 Nc6 6. Bc4 Nf6 7. e5 dxe5 8.
O-O Qxd1 9. Rxd1 Bg4 10. Nb5 Rc8 11. Ng5 e6 12. f3 Bc5+ 13. Kf1 Bf5 14. g4 Bg6
15. f4 h6 16. Bxe6 fxe6 17. Nxe6 Nd4 18. Nexd4 exd4 19. f5 Bf7 20. Nxd4 O-O 21.
g5 hxg5 22. Bxg5 Bh5 23. Ne6 Bxd1 24. Rxd1 Rf7 25. Rc1 Nd7 26. Kg2 Rxf5 27. Be3
Rc6 28. Nd8 Rg6+ 29. Kh1 Bxe3 0-1

[Event "Flint (Class A/2)"]
[Site "?"]
[Date "1990.??.??"]
[Round "?"]
[White "Stefanski, Mark"]
[Black "Ruhlmann, Max"]
[Result "1/2-1/2"]
[WhiteElo "1895"]
[BlackElo "1820"]
[PlyCount "100"]
[EventDate "1990.??.??"]

1. e4 c5 2. Nc3 Nc6 3. Nge2 Nf6 4. g3 d5 5. exd5 Nxd5 6. Bg2 e6 7. d3 g6 8. Bd2
Bg7 9. Qc1 Nce7 10. O-O Bd7 11. Re1 Bc6 12. Ne4 Nf6 13. N2c3 b6 14. Bg5 Nxe4
15. Nxe4 Bxe4 16. Bxe4 Rc8 17. Rb1 Qc7 18. Bh6 O-O 19. Qe3 Rfd8 20. Bxg7 Kxg7
21. Rbd1 Nd5 22. Bxd5 Rxd5 23. Qe2 Rcd8 24. b3 b5 25. Qf3 Qd6 26. Qe4 Rd4 27.
Qe5+ Qxe5 28. Rxe5 R8d5 29. Rde1 a5 30. c4 bxc4 31. dxc4 Rxe5 32. Rxe5 Rd2 33.
Rxc5 Rxa2 34. Rb5 Rb2 35. Kg2 Ra2 36. c5 a4 37. c6 axb3 38. Rxb3 Rc2 39. Rb6
Kf6 40. Kf3 h5 41. h4 Kf5 42. Rb7 Rc3+ 43. Ke2 f6 44. Rc7 g5 45. hxg5 fxg5 46.
Rc8 h4 47. c7 Ke5 48. Kd2 Rc6 49. gxh4 gxh4 50. Ke3 Rc3+ 1/2-1/2

[Event "Detroit (MI Op/4/36)"]
[Site "?"]
[Date "1990.??.??"]
[Round "?"]
[White "Stefanski, Mark"]
[Black "Lahr, Fred"]
[Result "1-0"]
[WhiteElo "1900"]
[BlackElo "1735"]
[PlyCount "39"]
[EventDate "1990.??.??"]

{4/(36)} 1. e4 e5 2. Nc3 Nc6 3. f4 exf4 4. d4 g5 5. Bc4 Nf6 6. Nf3 d5 7. exd5
Na5 8. Bb5+ Bd7 9. O-O Be7 10. Nxg5 Bxb5 11. Nxb5 Nxd5 12. Nxf7 Kxf7 13. Qh5+
Kf8 14. Bxf4 Bf6 15. Bh6+ Kg8 16. Qg4+ Kf7 17. Qg7+ Ke8 18. Rxf6 Qxf6 19. Re1+
Kd8 20. Bg5 1-0

[Event "Lansing (Jan)"]
[Site "?"]
[Date "1990.??.??"]
[Round "?"]
[White "Stefanski, Mark"]
[Black "Jarosz, Stan"]
[Result "0-1"]
[WhiteElo "1900"]
[BlackElo "2140"]
[PlyCount "68"]
[EventDate "1990.??.??"]

1. e4 c5 2. Nc3 Nc6 3. Nge2 g6 4. g3 Bg7 5. Bg2 d6 6. O-O e5 7. Nd5 Nge7 8. c4
Nxd5 9. cxd5 Nd4 10. Nxd4 exd4 11. d3 O-O 12. Bf4 b5 13. Rc1 f5 14. f3 Qb6 15.
Qd2 fxe4 16. fxe4 Bd7 17. b3 Rf7 18. Rf2 Raf8 19. Rff1 a5 20. h4 a4 21. h5 a3
22. hxg6 hxg6 23. Bh6 Rxf1+ 24. Rxf1 Rxf1+ 25. Bxf1 Qd8 26. Bxg7 Kxg7 27. Qf4
Qf6 28. Kf2 b4 29. Kf3 Ba4 30. e5 dxe5 31. Qxf6+ Kxf6 32. Bh3 Bxb3 33. d6 Bxa2
34. g4 g5 0-1

[Event "Detroit (MI Op/2/9)"]
[Site "?"]
[Date "1990.??.??"]
[Round "?"]
[White "Stefanski, Mark"]
[Black "Cunningham, R."]
[Result "0-1"]
[WhiteElo "1900"]
[BlackElo "2230"]
[PlyCount "34"]
[EventDate "1990.??.??"]

{2/(9)} 1. e4 Nf6 2. Nc3 e5 3. f4 d5 4. fxe5 Nxe4 5. Nf3 Bg4 6. Qe2 Ng5 7. d4
Nxf3+ 8. gxf3 Be6 9. Be3 Nc6 10. Rg1 Qh4+ 11. Qf2 Qxf2+ 12. Kxf2 O-O-O 13. Bb5
Nxe5 14. Bg5 f6 15. Rae1 c6 16. dxe5 fxg5 17. Bd3 Bc5+ 0-1

[Event "Detroit (MI Op/6/18)"]
[Site "?"]
[Date "1990.??.??"]
[Round "?"]
[White "Stefanski, Mark"]
[Black "Calton, Bill"]
[Result "1/2-1/2"]
[WhiteElo "1900"]
[BlackElo "1900"]
[PlyCount "26"]
[EventDate "1990.??.??"]

{6/(18)} 1. e4 Nf6 2. Nc3 d5 3. e5 d4 4. exf6 dxc3 5. fxe7 cxd2+ 6. Bxd2 Bxe7
7. Bf4 Qxd1+ 8. Rxd1 Bf5 9. Bd3 Bxd3 10. Rxd3 Nd7 11. Nf3 Nc5 12. Re3 Ne6 13.
Be5 O-O-O 1/2-1/2

[Event "Flint (Class A/4)"]
[Site "?"]
[Date "1990.??.??"]
[Round "?"]
[White "Stefanski, Mark"]
[Black "Brattin, Brian"]
[Result "1/2-1/2"]
[WhiteElo "1895"]
[BlackElo "1850"]
[PlyCount "54"]
[EventDate "1990.??.??"]

1. d4 e6 2. e3 d5 3. Bd3 f5 4. f4 Nf6 5. Nf3 Ne4 6. Nbd2 Nd7 7. c3 Ndf6 8. Ne5
Bd6 9. Ndf3 c6 10. O-O Qb6 11. Qb3 Bd7 12. Bd2 Ke7 13. Be1 Rag8 14. Bh4 Be8 15.
Qxb6 axb6 16. Ng5 h6 17. Nxe4 fxe4 18. Be2 g5 19. Bf2 Bh5 20. Rae1 Rg7 21. Bxh5
Nxh5 22. Kh1 gxf4 23. Bh4+ Ke8 24. exf4 Rf8 25. g3 Nf6 26. Bxf6 Rxf6 27. Kg2
Rf8 1/2-1/2

[Event "Detroit (RVO/5)"]
[Site "?"]
[Date "1990.??.??"]
[Round "?"]
[White "Steen, Harold"]
[Black "Saulmon, Scott"]
[Result "1-0"]
[WhiteElo "1815"]
[BlackElo "1610"]
[PlyCount "117"]
[EventDate "1990.??.??"]

1. c4 g6 2. g3 Bg7 3. Bg2 Nf6 4. Nc3 O-O 5. e4 d6 6. Nge2 e5 7. O-O c5 8. d3
Bg4 9. Bg5 Nc6 10. h3 Be6 11. f4 Qd7 12. Kh2 h6 13. Bxf6 Bxf6 14. Nd5 Bxd5 15.
cxd5 Ne7 16. Rb1 Bg7 17. g4 exf4 18. Nxf4 Be5 19. Kh1 Kg7 20. Ne2 g5 21. b4 b6
22. bxc5 bxc5 23. d4 cxd4 24. Nxd4 h5 25. Nf5+ Nxf5 26. Rxf5 f6 27. gxh5 Rac8
28. Qg4 Qf7 29. Rbf1 Bf4 30. R5xf4 Qg8 31. h6+ Kg6 32. h7 Kxh7 33. Rf5 Qg6 34.
Qg3 Rcd8 35. Qa3 Qg7 36. Qc3 Kg6 37. Qg3 Qe7 38. Qg4 Rf7 39. Bf3 Rh8 40. Bg2
Rh4 41. Qg3 Rf8 42. Qe3 Qg7 43. a4 Qe7 44. a5 Qg7 45. a6 Qe7 46. Rb1 Qg7 47.
Rb7 Rf7 48. Qxa7 Rxb7 49. axb7 Rh7 50. Qf2 Qxb7 51. Rxf6+ Kg7 52. Rxd6 Qe7 53.
Re6 Qd8 54. Qd4+ Kf7 55. e5 Rh4 56. Qd3 g4 57. Qg6+ Kf8 58. Rf6+ Ke7 59. Qf7#
1-0

[Event "Detroit (MCO/3/15)"]
[Site "?"]
[Date "1990.??.??"]
[Round "?"]
[White "Steen, Harold"]
[Black "Nixon, Peter"]
[Result "0-1"]
[WhiteElo "1820"]
[BlackElo "1605"]
[PlyCount "100"]
[EventDate "1990.??.??"]

{3/(15)} 1. c4 c5 2. g3 g6 3. Bg2 Bg7 4. Nc3 Nf6 5. e4 Nc6 6. Nge2 d6 7. O-O
O-O 8. d3 Bd7 9. f4 Qc8 10. Nd5 Nxd5 11. cxd5 Nd4 12. Nxd4 Bxd4+ 13. Kh1 Bh3
14. Qe2 Bxg2+ 15. Kxg2 Kg7 16. e5 Qe8 17. Rb1 b6 18. Qe4 f5 19. Qe2 Rc8 20. e6
Qb5 21. b3 a5 22. Bb2 Bf6 23. a4 Qb4 24. Rfc1 b5 25. axb5 Qxb5 26. Bxf6+ Rxf6
27. Rc4 Qb7 28. Qf3 Rff8 29. h3 Ra8 30. Ra4 Qb5 31. g4 Rab8 32. Raa1 Qb4 33. g5
Qd2+ 34. Kg3 Qc3 35. Qd1 Rb5 36. Ra2 Rfb8 37. Rc2 Qd4 38. Qf3 Rxb3 39. Rd1 Rc3
40. Rcd2 Rbb3 41. Kg2 a4 42. Kf1 a3 43. Ke2 Rb2 44. h4 Rcc2 45. h5 a2 46. hxg6
Rxd2+ 47. Rxd2 Rxd2+ 48. Kxd2 hxg6 49. Qh3 Kf8 50. Qh6+ Qg7 0-1

[Event "Detroit (MCO/1/24)"]
[Site "?"]
[Date "1990.??.??"]
[Round "?"]
[White "Steen, Harold"]
[Black "Mims, D."]
[Result "1-0"]
[WhiteElo "1820"]
[BlackElo "1605"]
[PlyCount "63"]
[EventDate "1990.??.??"]

{1/(24)} 1. c4 c5 2. g3 Nf6 3. Bg2 Ng4 4. Nc3 e5 5. e4 Qf6 6. Qxg4 Nc6 7. Nd5
Qd8 8. d3 Nd4 9. Qd1 d6 10. h3 Be6 11. Ne2 Bxd5 12. cxd5 Qa5+ 13. Nc3 O-O-O 14.
O-O h6 15. Bd2 Qb4 16. Rb1 c4 17. a3 Qc5 18. b4 Qc7 19. dxc4 Qxc4 20. Be3 Qxc3
21. Rc1 Qc7 22. Rxc7+ Kxc7 23. Bxd4 exd4 24. Qxd4 b6 25. Rc1+ Kd7 26. Qc4 Rc8
27. Qxc8+ Ke7 28. Rc7+ Kf6 29. Qd8+ Be7 30. Qxe7+ Kg6 31. Qxf7+ Kh7 32. Qxg7#
1-0

[Event "Detroit (MCO/5/14)"]
[Site "?"]
[Date "1990.??.??"]
[Round "?"]
[White "Steen, Harold"]
[Black "Miller, Dan"]
[Result "1-0"]
[WhiteElo "1820"]
[BlackElo "1605"]
[PlyCount "158"]
[EventDate "1990.??.??"]

{5/(14)} 1. c4 Nf6 2. g3 d5 3. cxd5 Nxd5 4. Bg2 Nc6 5. Nc3 Be6 6. e4 Nxc3 7.
bxc3 g6 8. d4 Bc4 9. Ne2 Bg7 10. O-O O-O 11. Qc2 Re8 12. Re1 e5 13. d5 Nb8 14.
f4 exf4 15. Nxf4 c6 16. Be3 cxd5 17. Nxd5 Nc6 18. Rad1 Qa5 19. Bd4 Qxa2 20.
Qxa2 Bxd4+ 21. cxd4 Bxa2 22. Nc7 Rac8 23. Nxe8 Rxe8 24. d5 Ne5 25. Ra1 Bc4 26.
Rxa7 b5 27. d6 Kg7 28. Rd1 b4 29. d7 Rd8 30. Rd4 b3 31. Rb7 Be6 32. Kf1 Bxd7
33. Ke1 b2 34. Kd2 b1=Q 35. Rxb1 Ra8 36. Rb2 Rc8 37. Rbb4 Ra8 38. Rb2 Re8 39.
Rb7 Be6 40. h3 Ra8 41. Rb2 Rc8 42. g4 h6 43. Ke3 g5 44. Rb3 Rc2 45. Bf1 Rh2 46.
Rb5 Kf6 47. Rd2 Rh1 48. Rf2+ Kg7 49. Rxe5 Bb3 50. Re7 Kf8 51. Rc7 Kg7 52. Kf3
Be6 53. Kg2 Rxf1 54. Rxf1 Kg6 55. e5 Kg7 56. Rf6 Bd5+ 57. Kf2 Bb3 58. Ke3 Ba2
59. Kd4 Bb3 60. Rcc6 Be6 61. Rcxe6 fxe6 62. Rxe6 Kf7 63. Rf6+ Kg7 64. Kd5 Kh7
65. Ke6 Kg7 66. Ke7 Kg8 67. e6 Kg7 68. Rf7+ Kg6 69. Rf8 h5 70. gxh5+ Kxh5 71.
Kf7 Kh4 72. Rh8+ Kg3 73. e7 g4 74. hxg4 Kxg4 75. e8=Q Kg5 76. Qe5+ Kg4 77. Rh5
Kf3 78. Rf5+ Kg4 79. Qe4+ Kg3 1-0

[Event "Detroit (MI Op/7/25)"]
[Site "?"]
[Date "1990.??.??"]
[Round "?"]
[White "Steen, Harold"]
[Black "Manion, Tom"]
[Result "0-1"]
[WhiteElo "1815"]
[BlackElo "1915"]
[PlyCount "100"]
[EventDate "1990.??.??"]

{7/(25)} 1. c4 e5 2. g3 Nf6 3. Bg2 d5 4. cxd5 Nxd5 5. Nc3 Nb6 6. Nf3 Nc6 7. O-O
Be7 8. d3 O-O 9. a3 a5 10. e3 Bg4 11. Qc2 Qd7 12. b3 Bh3 13. Bb2 Bxg2 14. Kxg2
f5 15. Ne2 Qe6 16. d4 e4 17. Nd2 Bd6 18. Nc4 Nd5 19. Nxd6 cxd6 20. Rad1 Rac8
21. Qd2 b5 22. Nc3 Nxc3 23. Bxc3 Qxb3 24. Rb1 Qa4 25. Qa2+ Kh8 26. Qb2 b4 27.
axb4 axb4 28. Bd2 Rb8 29. d5 Ne5 30. Qd4 Nf3 31. Qb2 b3 32. Bc3 Rf7 33. Ra1 Qc4
34. Rfc1 Qxd5 35. Ra5 Qe6 36. Rd1 Qh6 37. h3 Kg8 38. Ra6 Rd7 39. Qe2 Ng5 40.
Rh1 Qe6 41. Qb2 Qd5 42. Ra5 Rb5 43. Rha1 Rxa5 44. Rxa5 Qd1 45. Rxf5 Nf3 46. Qa1
Qxa1 47. Bxa1 Rb7 48. Bb2 Ne5 49. Rg5 g6 50. h4 h6 0-1

[Event "Detroit (RVO/1)"]
[Site "?"]
[Date "1990.??.??"]
[Round "?"]
[White "Steen, Harold"]
[Black "Kellogg, S."]
[Result "1-0"]
[WhiteElo "1815"]
[BlackElo "1605"]
[PlyCount "121"]
[EventDate "1990.??.??"]

1. c4 Nf6 2. g3 g6 3. Bg2 Bg7 4. Nc3 O-O 5. e4 e5 6. Nge2 d6 7. O-O c6 8. d3
Qc7 9. Rb1 Nh5 10. f4 f5 11. fxe5 dxe5 12. exf5 Bxf5 13. Ne4 Nd7 14. N2c3 Nhf6
15. b4 Rad8 16. c5 Nxe4 17. Nxe4 Nf6 18. Nd6 Rxd6 19. cxd6 Qxd6 20. Qb3+ Kh8
21. Rd1 Rd8 22. Be3 a6 23. Bb6 Rd7 24. Bc5 Qc7 25. Rbc1 Qd8 26. Rc3 Nd5 27. Rc2
Qg5 28. Re1 h5 29. Qc4 Ne7 30. Be4 Nd5 31. Rf2 Nf4 32. Kh1 Nxd3 33. Bxd3 Bxd3
34. Qe6 Rd5 35. Be3 Qg4 36. Qxg4 hxg4 37. Rf7 Rb5 38. Bc5 b6 39. a4 Rxc5 40.
bxc5 bxc5 41. Rc7 Bc4 42. Kg1 Bd5 43. Rb1 e4 44. Rb8+ Kh7 45. Rbb7 c4 46. Rxg7+
Kh6 47. Rge7 c3 48. Rb1 c2 49. Rc1 Bb3 50. a5 Kg5 51. Rxe4 Kf5 52. Rb4 Bd5 53.
Rxc2 Ke5 54. Rb6 Kd6 55. Rxa6 Kc7 56. Ra7+ Kb8 57. Rg7 Be4 58. Rb2+ Ka8 59. Rd2
Bd5 60. Rf2 Bf3 61. h3 1-0

[Event "Detroit (RVO/3)"]
[Site "?"]
[Date "1990.??.??"]
[Round "?"]
[White "Steen, Harold"]
[Black "Harrell, K."]
[Result "1-0"]
[WhiteElo "1815"]
[BlackElo "1605"]
[PlyCount "69"]
[EventDate "1990.??.??"]

1. c4 e5 2. g3 c6 3. Bg2 d5 4. cxd5 cxd5 5. d4 e4 6. Nc3 f5 7. e3 Nf6 8. Nge2
Be7 9. O-O Nc6 10. a3 a5 11. Rb1 O-O 12. Qb3 Rb8 13. Nf4 Kh8 14. Ncxd5 Nxd5 15.
Qxd5 Bd6 16. Ne6 Bxe6 17. Qxe6 Qe7 18. Qxe7 Bxe7 19. Bd2 a4 20. f3 exf3 21.
Bxf3 Bg5 22. Bxc6 bxc6 23. Rf3 g6 24. Bc3 Bf6 25. Rbf1 Kg7 26. Bb4 Rf7 27. Rc1
Rb6 28. Rb1 Rb8 29. b3 axb3 30. Rxb3 Be7 31. Rf1 c5 32. dxc5 Bxc5 33. Bc3+ Kh6
34. Rxb8 Bxe3+ 35. Kh1 1-0

[Event "Detroit (MI Op/1b/14)"]
[Site "?"]
[Date "1990.??.??"]
[Round "?"]
[White "Steen, Harold"]
[Black "Forte, Joe"]
[Result "1-0"]
[WhiteElo "1815"]
[BlackElo "1970"]
[PlyCount "77"]
[EventDate "1990.??.??"]

1. c4 Nf6 2. Nc3 g6 3. g3 c5 4. Bg2 Bg7 5. Nf3 O-O 6. O-O d6 7. d3 Nbd7 8. Bd2
Rb8 9. a3 a6 10. b4 b5 11. bxc5 dxc5 12. cxb5 axb5 13. Rb1 Ba6 14. Bf4 Rb6 15.
Ne5 Nxe5 16. Bxe5 Qd7 17. Qc2 Bb7 18. f3 Qc6 19. e4 e6 20. Qb3 c4 21. Qb4 cxd3
22. Bd4 Nd7 23. Bxg7 Kxg7 24. Qd4+ e5 25. Qxd3 Ba6 26. Rb4 Nc5 27. Qe3 Ne6 28.
Nd5 Rb7 29. Rc1 Qd6 30. Rb3 Nd4 31. Rbc3 Rd7 32. Nb4 Bb7 33. Bf1 Rfd8 34. Bh3
Re7 35. Rc5 Qb6 36. Nd5 Bxd5 37. exd5 Rxd5 38. Rxd5 Nxf3+ 39. Kf2 1-0

[Event "Detroit (MI Op/5/34)"]
[Site "?"]
[Date "1990.??.??"]
[Round "?"]
[White "Steen, Harold"]
[Black "Calton, David W"]
[Result "1/2-1/2"]
[WhiteElo "1815"]
[BlackElo "1905"]
[PlyCount "20"]
[EventDate "1990.??.??"]

{5/(34)} 1. c4 Nf6 2. g3 g6 3. Bg2 Bg7 4. Nc3 O-O 5. Nf3 d6 6. O-O e5 7. d3 h6
8. Rb1 c6 9. b4 Be6 10. b5 Qc7 1/2-1/2

[Event "Detroit (MOR/2/26)"]
[Site "?"]
[Date "1990.??.??"]
[Round "?"]
[White "Stanulis, T."]
[Black "Morenobaca, F."]
[Result "1-0"]
[WhiteElo "1605"]
[BlackElo "1655"]
[PlyCount "47"]
[EventDate "1990.??.??"]

{2/(26)} 1. e4 d5 2. exd5 Qxd5 3. Nc3 Qa5 4. d3 Nf6 5. Bd2 Bg4 6. Be2 Bxe2 7.
Ngxe2 e5 8. O-O Nbd7 9. Re1 Bb4 10. Ng3 O-O 11. a3 Bd6 12. Nce4 Qb6 13. b4 Nxe4
14. Nxe4 f5 15. Ng5 Nf6 16. c4 c5 17. Be3 f4 18. bxc5 Qc6 19. cxd6 fxe3 20.
Rxe3 Qxd6 21. Qb3 Qd4 22. Rae1 Rae8 23. Nf3 e4 24. Nxd4 1-0

[Event "Detroit (MOR/6/6)"]
[Site "?"]
[Date "1990.??.??"]
[Round "?"]
[White "Stanulis, T."]
[Black "McGee, T."]
[Result "1/2-1/2"]
[WhiteElo "1605"]
[BlackElo "1750"]
[PlyCount "46"]
[EventDate "1990.??.??"]

{6/(6)} 1. d4 c5 2. e3 d5 3. c4 Nf6 4. Nc3 cxd4 5. exd4 e6 6. Bg5 Bb4 7. Nf3 h6
8. Bxf6 gxf6 9. Qc2 dxc4 10. Bxc4 Qc7 11. Bd3 Qf4 12. Bb5+ Bd7 13. Bxd7+ Nxd7
14. a3 Ba5 15. b4 Bb6 16. Qe4 Qxe4+ 17. Nxe4 Ke7 18. Ke2 a5 19. Nc5 Ra7 20.
Rhc1 Rha8 21. b5 Nf8 22. a4 Ng6 23. g3 Rd8 {[Remainder illegible]} 1/2-1/2

[Event "Detroit (MOR/4/22)"]
[Site "?"]
[Date "1990.??.??"]
[Round "?"]
[White "Stanulis, T."]
[Black "Duweck, Mike"]
[Result "1-0"]
[WhiteElo "1605"]
[BlackElo "1605"]
[PlyCount "53"]
[EventDate "1990.??.??"]

{4/(22)} 1. d4 Nf6 2. e3 e6 3. Bd3 b6 4. Qf3 Nc6 5. Qe2 Bb7 6. Nd2 Be7 7. c3
O-O 8. f4 d5 9. Ngf3 Bd6 10. Ne5 Bxe5 11. fxe5 Ne4 12. O-O f5 13. exf6 Nxf6 14.
e4 dxe4 15. Nxe4 Qd5 16. Nxf6+ Rxf6 17. Rxf6 gxf6 18. Bc4 Qd6 19. Bxe6+ Kh8 20.
Qg4 Ne7 21. Bf4 Qc6 22. Re1 Ng6 23. Bh6 Re8 24. Re2 Re7 25. h4 Qe8 26. h5 f5
27. Qxf5 1-0

[Event "Detroit (MCO/3/19)"]
[Site "?"]
[Date "1990.??.??"]
[Round "?"]
[White "Stancil, Rod"]
[Black "Clanton, Waleed"]
[Result "1/2-1/2"]
[WhiteElo "1770"]
[BlackElo "1605"]
[PlyCount "120"]
[EventDate "1990.??.??"]

{3/(19)} 1. c4 Nc6 2. Nc3 e5 3. g3 Bb4 4. Bg2 Qf6 5. Nd5 Qd6 6. Nxb4 Nxb4 7. a3
Nc6 8. b4 Qf6 9. Bb2 d6 10. Nf3 Nge7 11. O-O Qe6 12. Rc1 O-O 13. d4 exd4 14.
Nxd4 Nxd4 15. Qxd4 f6 16. e4 Qe5 17. Qd2 Qe6 18. c5 Rd8 19. f4 Rd7 20. Qf2 dxc5
21. Rxc5 c6 22. e5 f5 23. Rfc1 Kf8 24. Qc2 Kg8 25. a4 Kf8 26. b5 Rd8 27. bxc6
bxc6 28. Bxc6 Nxc6 29. Rxc6 Qd7 30. Ba3+ Kg8 31. e6 Qd4+ 32. Kf1 Bb7 33. e7
Bxc6 34. exd8=Q+ Rxd8 35. Bb2 Bxa4 36. Bxd4 Bxc2 37. Rxc2 Rxd4 38. Rc8+ Kf7 39.
Rc7+ Kg6 40. Rxa7 Rd2 41. h4 Kh6 42. Re7 g6 43. Re2 Rd3 44. Kf2 Kh5 45. Re7 Kg4
46. h5 Rf3+ 47. Ke2 Rxg3 48. hxg6 hxg6 49. Rb7 Kxf4 50. Rb4+ Kg5 51. Kf2 Rc3
52. Rb6 f4 53. Ra6 Kh5 54. Rf6 g5 55. Rb6 Kg4 56. Rb2 Rh3 57. Rb5 Rh2+ 58. Kg1
Rd2 59. Ra5 f3 60. Kf1 Kh4 1/2-1/2

[Event "Detroit (MCO/5/10)"]
[Site "?"]
[Date "1990.??.??"]
[Round "?"]
[White "Stancil, Rod"]
[Black "Bailey, Greg"]
[Result "0-1"]
[WhiteElo "1770"]
[BlackElo "2080"]
[PlyCount "92"]
[EventDate "1990.??.??"]

{5/(10)} 1. c4 e6 2. g3 f5 3. Bg2 Nf6 4. Nc3 c6 5. Nf3 d5 6. cxd5 exd5 7. e3
Ne4 8. O-O Bd6 9. d3 Nxc3 10. bxc3 O-O 11. Nd4 Qe7 12. Rb1 Nd7 13. c4 dxc4 14.
dxc4 Nb6 15. Qc2 Bc5 16. Bb2 Bd7 17. a4 Bxd4 18. Bxd4 c5 19. Ba1 Bxa4 20. Qa2
Qd7 21. Rfe1 Bc6 22. Rbd1 Qe6 23. Qb2 Rf7 24. Bd5 Bxd5 25. cxd5 Qd6 26. e4 fxe4
27. Rxe4 Rd8 28. Re6 Qxe6 29. dxe6 Rxd1+ 30. Kg2 Re7 31. f4 Nc4 32. Qc3 Nd6 33.
Qe5 b6 34. g4 Ne8 35. f5 Rd6 36. h4 c4 37. Bb2 Rc7 38. g5 Rc5 39. Qe1 Rxf5 40.
Ba3 Rd3 41. Qe4 Rff3 42. Be7 Rg3+ 43. Kh2 Rge3 44. Qg2 Rh3+ 45. Qxh3 Rxh3+ 46.
Kxh3 Nc7 0-1

[Event "Flint (Class A/3)"]
[Site "?"]
[Date "1990.??.??"]
[Round "?"]
[White "Spooner, Frank"]
[Black "Wright, William"]
[Result "0-1"]
[WhiteElo "1800"]
[BlackElo "1915"]
[PlyCount "108"]
[EventDate "1990.??.??"]

1. Nf3 d5 2. d4 c6 3. c4 Bf5 4. cxd5 cxd5 5. Nc3 Nf6 6. Bf4 e6 7. e3 Nc6 8. Bd3
Bxd3 9. Qxd3 Be7 10. O-O Nh5 11. Ne2 Nxf4 12. Nxf4 O-O 13. Rfc1 Qb6 14. Qe2
Rac8 15. Nd3 Rc7 16. Rc2 Rfc8 17. Rac1 Na5 18. Rxc7 Rxc7 19. Rxc7 Qxc7 20. Qd2
Nc4 21. Qc3 Qa5 22. Qxa5 Nxa5 23. Kf1 Kf8 24. Ke1 Ke8 25. Kd1 f6 26. Kc2 b6 27.
Kc3 Kd7 28. h3 Nc6 29. a3 Bd6 30. Nf4 g5 31. Nh5 Ke7 32. Ng3 Bxg3 33. fxg3 h5
34. b4 a6 35. Kd3 g4 36. Ng1 e5 37. Ne2 Ke6 38. Kc3 Ne7 39. Kc2 Nf5 40. Kd3 b5
41. Kd2 Nd6 42. Nc1 Nc4+ 43. Ke2 Nxa3 44. Nd3 exd4 45. exd4 Nc2 46. Nc5+ Kd6
47. Nxa6 Nxd4+ 48. Ke3 Ne6 49. Kd3 Kc6 50. Nb8+ Kc7 51. Na6+ Kb7 52. Nc5+ Nxc5+
53. bxc5 Kc6 54. Kd4 b4 0-1